| 000 | 01082nam a2200313 a 4500 | ||
|---|---|---|---|
| 001 | |||
| 003 | DO-SdBNP | ||
| 005 | 20211123115712.0 | ||
| 008 | 091012s2009 dr a 000 f spa d | ||
| 020 | _a9789993456469 | ||
| 040 |
_aDO-SdBNP _bspa _cBPMSU |
||
| 082 |
_aRD863.44 _bT866s, 2009 _222 |
||
| 100 | 1 |
_aTrujillo Ricart , Aída, _d1952- |
|
| 245 | 1 | 0 |
_aA la sombra de mi abuelo / _cAída Trujillo. |
| 260 |
_aSanto Domingo : _bNorma, _c2009. |
||
| 300 |
_a331 p. : _bil., retrs. ; _c23 cm. |
||
| 500 | _aIncluye datos biográficos de la autora en las solapas | ||
| 586 | _aPremio Nacional de Novela 2008 | ||
| 590 | _aInventariado, 2021/VM | ||
| 600 | 0 |
_aTrujillo Molina, Rafael Leónidas, _d 1891-1961 |
|
| 600 | z |
_aChapita, _d1891-1961 |
|
| 600 | z |
_aMolina, Rafael Leónidas Trujillo, _d1891-1961 |
|
| 600 | z |
_aTrujillo, Rafael Leónidas, _d1891-1961 |
|
| 650 | 4 | _aNovela histórica dominicana. | |
| 650 | 4 | _aLiteratura histórica dominicana | |
| 651 | 4 |
_aRepública Dominicana _xHistoria _yEra de Trujillo,1931-1961 |
|
| 910 | _a VMateo V. | ||
| 942 |
_2ddc _cBK |
||
| 999 |
_c13894 _d13894 |
||